000 00695nam a2200289Ia 4500
005 20260324114202.0
008 008 260324s9999 xx 000 0 eng d
020 _a9780429265907
037 _aEBOOK
040 _aCRL
040 _beng
040 _cCRL
041 _2eng
041 _aeng
084 _qCRL
100 _aNihan Akyelken
_91149769
245 0 _aWomen, Work and Mobilities
245 4 _bThe case of urban and regional contexts in Turkey
260 _bTaylor and Francis
260 _c2023
365 _a
365 _b230
856 _uhttp://www.taylorfrancis.com/books/9780429265907
942 _cEBOOK
999 _c1739810
_d1739810